Ruben Dario and the Pythagorean tradition
Αποθηκεύτηκε σε:
| Κύριος συγγραφέας: | |
|---|---|
| Μορφή: | Βιβλίο |
| Γλώσσα: | English |
| Δημοσίευση: |
Gainesville :
University Presses of Florida,
1975
|
| Σειρά: | Latin American monographs (Gainesville, Fla.)
; 15 |
| Θέματα: | |
| Ετικέτες: |
Προσθήκη ετικέτας
Δεν υπάρχουν, Καταχωρήστε ετικέτα πρώτοι!
|
MARC
| LEADER | 00000nam a2200000 i 4500 | ||
|---|---|---|---|
| 001 | 1/47161 | ||
| 008 | 950721s1975 eng d | ||
| 020 | |a 0-8130-0382-2 | ||
| 035 | |1 ΕΛΗ |a 1995 |b 1807 |c ΧΑΤΖΗΣΑΒΒΑΣ |l 10042989 | ||
| 040 | |a GR-MY-UA |b gre |e aacr | ||
| 041 | 0 | |a eng | |
| 082 | 0 | |a 861 | |
| 100 | 1 | |a Skyrme, Raymond |d 1937- | |
| 245 | 1 | 0 | |a Ruben Dario and the Pythagorean tradition / |c Raymond Skyrme |
| 260 | |a Gainesville : |b University Presses of Florida, |c 1975 | ||
| 300 | |c 23 cm. | ||
| 490 | 1 | |a Latin American monographs |v ; 15 | |
| 500 | |a "A University of Florida book." | ||
| 500 | |a Bibliography: p. 105-107 | ||
| 600 | 1 | 0 | |a Dario Ruben |d 1867-1916 |x Aesthetics. |
| 650 | 0 | 0 | |a Pythagoras and Pythagorean School. |
| 650 | 0 | 0 | |a Aesthetics, Modern |y 20th century. |
| 830 | 0 | |a Latin American monographs (Gainesville, Fla.) |v ; 15 | |
| 852 | |a INST |b SAMOS |e 19950721 |h 861 SKY |p 005300012035 |q 005300012035 |t BK |y 0 | ||
| 901 | |a BIBL-1997-2 | ||
| 909 | |a Σ |b 051568 | ||